Statistics for Animals the Bible French clickable

Click here to take the quiz!

General Stats

  • This quiz has been taken 11 times
  • The average score is 13 of 25

Answer Stats

HintAnswer% Correct
Le chevalHorse
100%
L’abeilleBee
78%
Le chameauCamel
78%
Le chienDog
78%
Le lionLion
78%
Le poissonFish
67%
Le pigeonPigeon
67%
Le lapinRabbit
67%
Le porcSwine
67%
L’oiseauBird
56%
Le corbeauCrow
56%
Le grenouilleFrog
56%
Le chèvreGoat
56%
Le moutonSheep
56%
L’aigleEagle
44%
Le renardFox
44%
Le moucheronGnat
44%
L’agneauLamb
44%
Le verWorm
44%
La bicheDeer
33%
Le colombeDove
22%
La sauterelleLocust
22%
Le pouLouse
22%
Le bétailCattle
11%
Le bélierRam
11%

Score Distribution

Percentile by Number Answered

Percent of People with Each Score

Your Score History

You have not taken this quiz